02308cam a22002414a 4500020002900000041000900029082001800038100003200056245008000088260006400168300001600232504005100248505057100299520085600870546001301726650004101739650003601780650002201816650003301838856005901871856006801930856006801998 a9780521869522 (hardback) aeng.00a340.11bTAM-L1 aTamanaha, Brian Z.eauthor.10aLaw as a means to an end :bthreat to the rule of law /cBrian Z. Tamanaha. aCambridge :aNew York :bCambridge University Press,c2006. axii, 254p.  aIncludes bibliographical references and index.0 aNon-instrumental views of law -- Changing society and common law in the 19th century -- Nineteenth century legislation and legal profession -- Instrumentalism of the legal realists -- 20th century Supreme Court instrumentalism -- Instrumentalism in legal academia in 1970's -- Instrumentalism in theories of law -- Instrumentalism in the legal profession -- Instrumentalism of cause litigation -- Instrumentalism and the judiciary -- Instrumentalism in legislation and administration -- Collapse of higher law, deterioration of common good -- The threat to legality. aThe contemporary US legal culture is marked by ubiquitous battles among various groups attempting to seize control of the law and wield it against others in pursuit of their particular agenda. This battle takes place in administrative, legislative, and judicial arenas at both the state and federal levels. This book identifies the underlying source of these battles in the spread of the instrumental view of law - the idea that law is purely a means to an end - in a context of sharp disagreement over the social good. It traces the rise of the instrumental view of law in the course of the past two centuries, then demonstrates the pervasiveness of this view of law and its implications within the contemporary legal culture, and ends by showing the various ways in which seeing law in purely instrumental terms threatens to corrode the rule of law. aEnglish. 0aRule of lawzUnited StatesxHistory. 0aLawzUnited StatesxPhilosophy. 0aLegal positivism. 0aInstrumentalism (Philosophy)41uhttp://www.loc.gov/catdir/toc/ecip0613/2006013845.html42uhttp://www.loc.gov/catdir/enhancements/fy0665/2006013845-d.html42uhttp://www.loc.gov/catdir/enhancements/fy0733/2006013845-b.html